00485 2200205 4500001002100000005001500021035002000036007000300056008004100059020002200100082001100122084001700133100000800150245002200158250000600180260003400186300002800220700001400248990001700262INLIS00000000000070220231123011530 a0010-0523000244ta231123 b 1 ind  a978-623-206-317-4 a2x0.01 a2x0.01 AAN b0 aAan1 aBaarakallahu Fiik aI aSolo :bTiga Serangkai,c2019 a32 :bilus. ;c25 cme-1 aWulandari a00068/K/2022